| 000 | 00697nam a22002411 4500 | ||
|---|---|---|---|
| 001 | 8225 | ||
| 003 | BD-RjUL | ||
| 005 | 20211208234539.0 | ||
| 008 | 14 t1956 enka 001 0 eng | ||
| 035 | _a(BD-RjUL)8270 | ||
| 040 |
_aDLC/ICU _cICU _dDLC _dBD-RjUL _beng |
||
| 041 | _aeng | ||
| 082 | 0 | 0 |
_a530.1 _216 _bATM 1956 |
| 100 | 1 |
_aAtkin, Ron, _d1926- _921496 |
|
| 245 | 1 | 0 |
_aMathematics and wave mechanics / _cWith a foreword by H.T. Flint. |
| 260 |
_aLondon : _bHeinemann, _c1956 [Reprinted 1959]. |
||
| 300 |
_a348 p. : _bill, ; _c23 cm. |
||
| 504 | _aIncludes index. | ||
| 650 | 0 |
_aWave mechanics. _923917 |
|
| 650 | 0 |
_aMathematical physics. _91138 |
|
| 942 |
_2ddc _cBK |
||
| 999 |
_c8225 _d8225 |
||